00446 a2200121 4500001001000000005001700010008004100027245012000068100002300188700002800211773006800239999001700307ART_4912220260410161809.0260409a 10aLa verificación concursal de obligaciones a plazo frente a la eliminación del artículo 753 del Código Civil1 aLorente, Javier A.1 aMastrovincenzo, Mariana0 tDoctrina Societaria y Concursalg- N° 379 (jun. 2019)wREV4298 c21297d21297